Clips du top 50 de l'année 2000 - Statistiques

Statistiques générales
  • Ce quiz a été pris 174 fois
  • Le résultat moyen est 4 sur 8
Statistiques - réponses
Par images Réponse % Correct
Mylène Farmer - Innamoramento
94%
Hélène Ségara - Il y a trop de gens qui t'aiment
76%
Florent Pagny - Et un jour, une femme
57%
Daniel Lévi - L’envie d’aimer
48%
Tina Arena - Aller plus haut
47%
Yannick - Ces soirées-là
38%
Isabelle Boulay - Parle-moi
36%
Disiz La Peste - J'pète les plombs
21%
Aucun quiz correspondant
Distribution des résultats
% des personnes avec chaque résultat
Percentile par nombre de réponses
Votre historique - résultats
Vous n’avez pas pris ce quiz